|
|
|
|
| LEADER |
01008nam a22002537a 4500 |
| 001 |
41308 |
| 003 |
BD-DhAAL |
| 008 |
230716t2010 bg ||||| |||| 00| 0 eng d |
| 020 |
|
|
|a 9789840413409
|
| 040 |
|
|
|a BD-DhAAL
|c BD-DhAAL
|
| 082 |
|
|
|a 320.8095492
|2 23
|
| 100 |
|
|
|a Majumdar, Badiul Alam,
|d 1946-
|9 55066
|
| 245 |
|
|
|a Local governance and political reform :
|b keys to poverty reduction /
|c Badiul Alam Majumdar.
|
| 260 |
|
|
|a Dhaka :
|b Agamee Prakashani,
|c 2010.
|
| 300 |
|
|
|a 523 pages ;
|c 23 cm.
|
| 504 |
|
|
|a Includes bibliographical references.
|
| 541 |
|
|
|a Donated By Akbar Ali Khan
|e 41308
|
| 650 |
|
|
|a Local government
|z Bangladesh.
|
| 650 |
|
|
|a Political science.
|
| 651 |
|
|
|a Bangladesh
|x Economic conditions.
|
| 852 |
|
|
|a Ayesha Abed Library
|c Akbar Ali Khan Collection
|
| 942 |
|
|
|2 ddc
|c BK
|
| 999 |
|
|
|c 45970
|d 45970
|
| 952 |
|
|
|0 0
|1 0
|2 ddc
|4 0
|6 320_809549200000000_MAJ
|7 1
|9 73951
|a BRACUL
|b BRACUL
|c AAKC
|d 2023-07-16
|e Donated By Akbar Ali Khan
|g 1000.00
|l 0
|o 320.8095492 MAJ
|p 3010041308
|r 2023-07-16
|t 1
|w 2023-07-16
|y BK
|